MDQL
is popping MORE tags! Check the
thread
!
Quizzes
Events
Quiz Creation
Community
Videos
Private Events
Remove Ads
Sign In
Join for FREE
Feedback
Dark Mode
Quiz Categories
Sports
Geography
Music
Movies
Television
Just For Fun
Miscellaneous
History
Literature
Language
Science
Gaming
Entertainment
Religion
Holiday
For Kids
Quiz Lab
Recent
Popular Today
Quiz Kudos Today
Editor Picks
Curator Picks
Quizzes by...
Day
Popularity
Type
Ratings
Length
Year
Community
Subscriptions
Recent Discussions
Orange Saloon
Badges
Playlists
Quests
Create
Leaderboards
Showdown
Live 5
Trivia Bingo
Activity
Puzzle Library
Sporcle Events
Private Events
Virtual Trivia
Globe League
Become a Host
Pub Owners
SporcleCon
Opinionation
Our Games
Videos
Blog
Mobile Apps
Partnerships
Remove Ads and Go Orange
Feedback
Music
Pop Music
The Beatles
Song
Album
Lyrics
Bands
Singers
Artist
Clip
Rock
Rap
Classical
Billboard
Country Music
Kpop
Taylor Swift
Music
Pop Music
The Beatles
Song
Album
Lyrics
Bands
Singers
Artist
Clip
Rock
Rap
Classical
Billboard
Country Music
Kpop
Taylor Swift
Random Quiz
Search Sporcle
×
Quiz Lab
Quiz Lab
Music
Popular
Type in answers that appear in a list
Type in answers that appear in a list
Classic
Best Score? Go Orange.
The most popular songs Stats
Can you name the most popular songs by these bands/artists according to last.fm?
By
kittenkat
15m
60 Questions
214 Plays
214 Plays
214 Plays
Comments
Comments
Give Quiz Kudos
Give Quiz Kudos
-
- Ratings
hide this ad
More Info
Replay
Link that replays current quiz
Next Quiz
Link to next quiz in quiz playlist
You Got
0%
They Got
Avg Score
16%
Avg Friend Score
Upgrade to see
Score Distribution
Jump to the score distribution portion of the page
Score
0/60
Timer
15:00
0
Plays Today
% Correct
Creep
74.8%
Karma Police
52.8%
Paranoid Android
48.6%
School's Out
45.3%
Supermassive Black Hole
42.5%
Du Hast
37.4%
Whenever, Wherever
36.9%
Starlight
34.6%
She Wolf
33.6%
Uprising
31.8%
Friday I'm In Love
30.4%
Time Is Running Out
28%
Poison
27.6%
Boys Don't Cry
27.1%
Miss Murder
27.1%
I WIll Follow You Into The Dark
24.8%
Just Like Heaven
23.4%
Hysteria
22.9%
Only Happy When It Rains
17.8%
Stupid Girl
16.4%
Girl's Not Grey
15%
I'm Eighteen
15%
No More Mr Nice Guy
15%
I Think I'm Paranoid
14.5%
Underneath Your Clothes
14%
First Day Of My Life
14%
Amerika
12.1%
Cornflake Girl
10.7%
Soul Meets Body
10.7%
Sonne
10.3%
% Correct
Human Behaviour
10.3%
Army Of Me
9.8%
Ich Will
8.9%
All Is Full Of Love
8.9%
Lullaby
8.4%
Silver and Cold
7.5%
Lua
7.5%
Reckoner
7%
When I Grow Up
7%
Close To Me
6.5%
Objection (Tango)
6.1%
Love Like Winter
5.6%
Crooked Teeth
5.6%
Hunter
5.6%
Crucify
5.1%
Engel
5.1%
Special
5.1%
Silent All These Years
4.7%
Four Winds
4.7%
All I Need
4.2%
The Sound of Settling
4.2%
Bachelorette
4.2%
A Sorta Fairytale
3.7%
Winter
3.3%
Marching Bands of Manhattan
3.3%
At The Bottom Of Everything
2.3%
Prelude 12
1.9%
Loba
1.4%
We Are Nowhere And It's Now
0.9%
Million Dollar Babies
0.9%
Quiz Playlist
Details
Report
Send in Message
Add To Playlist
More Info:
The stats were taken in December 2009 from the past 6 months, so they might not be accurate after another few months.
Classic:
Type in answers that appear in a list
Quiz Source
Last Updated: Feb 16, 2017
Quiz Scoreboard
CHALLENGE
Sign Up to Join the Scoreboard
Show All
Scores
Hide
Comments
May contain spoilers
Recently Published
Two Season TV Shows II
by 123Four
Television
10m
Image Sorting: Flags VI
by Barbecue
Geography
2m
Find the 'City' Movie
by crazypaving
Movies
60s
More to Explore
Quiz From the Vault
Featured Blog Post
14 Easter Pick-up Lines to Find Eggs With
hide this ad
You Might Also Like...
Tags
Artist Quiz
Bands Quiz
Popular Quiz
Song Quiz
Today's Top Quizzes in Music
Browse Music
hide this ad
Today's Top Quizzes in Popular
Browse Popular
Top Contributed Quizzes in Music
1
5X2 Blitz: Bands II
2
5X2 Blitz: The Beatles
3
Taylor Swift All Songs (2024)
4
5X2 Blitz: Billboard
5
5X2 Blitz: Billboard II
6
Music Artist by Three 2010s hits
7
5X2 Blitz: Album
8
5X2 Blitz: Rock
9
5X2 Blitz: Singers
10
5X2 Blitz: Lyrics
Explore More
Trending Topics
Anime
Kpop
NBA
Disney
Harry Potter
Marvel
Crossword
Song
Pokémon
Country
NFL
The Office
Puzzle
Soccer
WWE
hide this ad
More By:
kittenkat
Quiz
Plays
Rating
Category
Featured
Created
Quotable 'Friends'
119,806
4.13
Television
Nov 16, 2009
The Finland Quiz!
1,326
2.93
Geography
Nov 26, 2009
Countries in Finnish
745
3.95
Language
Nov 18, 2009
Antonyms Grab Bag
443
2.50
Miscellaneous
Jan 7, 2010
TV show plot keywords
399
3.00
Television
Nov 17, 2009
Go to Creator's Profile
Score Distribution
Quiz Creator Spotlight
kittenkat
Follow
Send a Message
Quizzes Created
-
Created Quiz Play Count
-
More By This Creator
Popular Quizzes Today
1
Find the US States - No Outlines Minefield
2
Colored Red Africa Blitz
3
Find the 'City' Movie
4
5x2 Blitz: Bands
5
The Countries of the World
6
Find the Countries of Europe - No Outlines Minefield
7
Find the US States
8
US States
More Music Quizzes
Missing Song Antonyms III
Published
Trending Quizzes
Colored Red Europe Blitz I
Colored Red Africa Blitz II
Colored Red Europe Blitz II
Colored Red Africa Blitz III
Even More Two Season TV Shows
Recently Updated
March Madness Men's Triple Doubles
pecheneg
How Do You Spell That?
pecheneg
Godzilla Movies
pecheneg
Grab Bag: 4-10 Letters
pecheneg
2024 March Madness Bracket
pecheneg
Famous TV Couples
Peacemaker
Champions League XIs: Real Madrid
pecheneg
Largest US Cities 1790-2010
pecheneg
Rides in Walt Disney World
pecheneg
Most Oscar Losses (Acting)
pecheneg
Trending Topics
Kpop
Marvel
NBA
Disney
Harry Potter
Crossword
Anime
The Office
NFL
Soccer
Song
Puzzle
Pokémon
WWE
Country
Your Account Isn't Verified!
In order to create a playlist on Sporcle, you need to verify the email address you used during registration. Go to your
Sporcle Settings
to finish the process.
Report this User
Report this user for behavior that violates our
Community Guidelines
.
Details:
Send Report
Go to the Sporcle.com Mobile Site →
Comments